000 006920000a22001210004500
100 1 _aMonroy, Paula Andrea
245 1 0 _aCuando los profesores cambian los alumnos cambian también
300 _aVol.0, núm.4 (Febrero, 2005), Páginas 7-8
500 _aPaula Andrea Monroy es Coordinadora de las áreas de Formación e investigación de la Fundación para la Reconciliación. Es psicóloga egresada de la Unviersidad Javeriana con aplia experiencia en la asesoría sobre temas relacionados con el trabajo comunitario y la convivencia.
520 _aLas Escuelas de Perdón y Reconciliación, una herramienta para fortalecer la convivencia.
773 0 _tEducación para la paz
942 _cANA
999 _c60196
_d60196